[Event "Lagos South West op"]
[Site "Lagos"]
[Date "2023.07.12"]
[Round "1"]
[White "Sadiq, Adebola"]
[Black "Olisa, Tennyson"]
[Result "0-1"]
[WhiteElo "1778"]
[BlackElo "2161"]
[PlyCount "74"]
[EventDate "2023.07.12"]
[EventType "swiss"]
[EventRounds "9"]
[EventCountry "NGR"]
[SourceTitle "CBM 215 Extra"]
[Source "ChessBase"]
[SourceDate "2023.09.30"]
[SourceVersion "1"]
[SourceVersionDate "2023.09.30"]
[SourceQuality "1"]

1. e4 c5 2. Nf3 d6 3. Bc4 Nc6 4. h3 Nf6 5. d3 e6 6. Bg5 Be7 7. Nc3 h6 8. Bh4 a6 9. a4 d5 10. exd5 Nxd5 11. Bxe7 Qxe7 12. 0-0 Nxc3 13. bxc3 0-0 14. Re1 Qf6 15. Nd2 Qxc3 16. Ne4 Qe5 17. Qd2 Ne7 18. Qa5 Ng6 19. Qxc5 Qf4 20. Qd6 Qxd6 21. Nxd6 Rd8 22. Ne4 Bd7 23. a5 Rac8 24. Rab1 Bc6 25. Nc5 Rc7 26. Rb6 Nf4 27. Reb1 Bxg2 28. Nxb7 Rdd7 29. Nd6 Rc5 30. f3 Bxf3 31. Kf2 Bc6 32. Nc8 Nxh3+ 33. Kg3 Rg5+ 34. Kxh3 Bg2+ 35. Kh2 Rd4 36. Kg1 Rf4 37. R1b5 Bd5+ 0-1